| 000 | 00446nam a2200145 4500 | ||
|---|---|---|---|
| 001 | 133405 | ||
| 003 | ES-MaACL | ||
| 007 | t| | ||
| 008 | 070214s1953 sp r ||||1| spa d | ||
| 100 | 1 |
_aRufino, Ricardo. _9100551 |
|
| 245 | 1 | 0 |
_aJulio Antonio _b: el Ariel de la escultura / _cRicardo Rufino. |
| 260 |
_aSevilla : _b[s. n.], _c1953 ( _fImp. Carlos Acuña) |
||
| 300 |
_a78 p., 23 lám. : _bil. ; _c17 cm. |
||
| 852 |
_aES-MaACL _jC-8033 _bR.34468 |
||
| 999 |
_c133405 _d133405 |
||